| 000 | 005060000a22001930004500 | ||
|---|---|---|---|
| 001 | 004111 | ||
| 003 | MACL | ||
| 005 | 20150731114538.0 | ||
| 008 | 150731b xxu||||| |||| 00| 0 eng d | ||
| 040 |
_aMACL _cMACL |
||
| 041 | _aEnglish | ||
| 082 | _a350/ADH | ||
| 100 |
_aAdhikali, shekhar _93654 |
||
| 245 |
_aModern Strategic Thought _cshekhar Adhikali |
||
| 260 |
_aNew Delhi _c2004 _bKilaso Books, |
||
| 350 | _a790 | ||
| 650 |
_aPublic Administration & Military Science _93623 |
||
| 942 |
_k350 _cBK _2ddc |
||
| 999 |
_c16002 _d16002 |
||